LIBRARY & INFORMATION CENTRE, KCAET, TAVANUR

ONLINE PUBLIC ACCESS CATALOGUE (OPAC)

Normal view MARC view
  • Duffy, Michael

Entry Personal Name

Number of records used in: 1

001 - CONTROL NUMBER

  • control field: 124

003 - CONTROL NUMBER IDENTIFIER

  • control field: OSt

005 - DATE AND TIME OF LATEST TRANSACTION

  • control field: 20141209112709.0

008 - FIXED-LENGTH DATA ELEMENTS

  • fixed length control field: 141209|| aca||aabn | a|a d

040 ## - CATALOGING SOURCE

  • Original cataloging agency: OSt
  • Transcribing agency: OSt

100 ## - HEADING--PERSONAL NAME

  • Personal name: Duffy, Michael

670 ## - SOURCE DATA FOUND

  • Source citation: Work cat.: (OSt): Duffy, Michael, The Sports Books: The games,The Rules, The Tactics and The Techniques, 2007
free website counter